000 00448nam a22001697a 4500
003 OSt
008 250403b |||||||| |||| 00| 0 eng d
020 _a9789357784115
082 _a336.24 SIS
100 _aSINGHANIA, Vinod K. and SINGHANIA, Monica
245 _aStudents' Guide to Income Tax
250 _a71st. ed.
260 _aNew Delhi,
_bTaxmann;s Publications Pvt. Ltd.
_c2024,
300 _a588
650 _aCommerce
942 _2ddc
_cBK
999 _c13246
_d13246